000 00599cam a22002053a 4500
001 45953
003 PGUSA
005 20140828084055.0
008 140613s2014||||xxu|||||s|||||000 | eng d
040 _aPGUSA
_beng
042 _adc
100 1 _aLuther, Martin,
_d1483-1546
245 1 0 _aMémoires de Luther écrits par lui-même, Tome I
_h[electronic resource] /
_cMartin Luther
260 _bProject Gutenberg,
_c2014
506 _aPublic domain in the USA.
516 _aElectronic text
830 0 _aProject Gutenberg
_v45953
856 4 0 _uhttp://www.gutenberg.org/ebooks/45953
942 _cEB
999 _c275202
_d275202